[Event "Reykjavik op"]
[Site "Reykjavik"]
[Date "2023.04.03"]
[Round "8"]
[White "Hagen, Andreas"]
[Black "Thorsteinsson, Thorsteinn Jakob F"]
[Result "0-1"]
[WhiteElo "1244"]
[BlackElo "1844"]
[PlyCount "62"]
[EventDate "2023.03.29"]
[EventType "swiss"]
[EventRounds "9"]
[EventCountry "ISL"]
[SourceTitle "EXT 2024"]
[Source "ChessBase"]
[SourceDate "2023.10.10"]
[SourceVersion "1"]
[SourceVersionDate "2023.10.10"]
[SourceQuality "1"]

1. e4 c6 2. d4 d5 3. e5 Bf5 4. g4 Be4 5. f3 Bg6 6. e6 Qd6 7. exf7+ Bxf7 8. f4 Nf6 9. Bh3 Qe6+ 10. Ne2 Nxg4 11. Nbc3 Nd7 12. Qd3 Bg6 13. Qf3 Bf5 14. Bxg4 Bxg4 15. Qe3 Qxe3 16. Bxe3 e6 17. 0-0-0 h5 18. h3 Bf5 19. Ng1 Nf6 20. Nf3 Bd6 21. Ne5 h4 22. Rdg1 Rh7 23. Rg5 Nh5 24. Ne2 Be7 25. Rxf5 exf5 26. Bf2 0-0-0 27. Ng6 Bf6 28. c3 Re8 29. Kd1 Rh6 30. Nxh4 Bxh4 31. Bxh4 Nxf4 0-1

[Event "Reykjavik op"]
[Site "Reykjavik"]
[Date "2023.03.31"]
[Round "4"]
[White "Thorsteinsson, Thorsteinn Jakob F"]
[Black "Bjornsson, Sigurbjorn"]
[Result "0-1"]
[WhiteElo "1844"]
[BlackElo "2310"]
[PlyCount "60"]
[EventDate "2023.03.29"]
[EventType "swiss"]
[EventRounds "9"]
[EventCountry "ISL"]
[SourceTitle "CBM 213 Extra"]
[Source "ChessBase"]
[SourceDate "2023.05.31"]
[SourceVersion "1"]
[SourceVersionDate "2023.05.31"]
[SourceQuality "1"]

1. e4 c5 2. Nf3 e6 3. d3 Nc6 4. g3 d5 5. Nbd2 Nf6 6. Bg2 b5 7. 0-0 Bb7 8. Re1 Be7 9. e5 Nd7 10. c3 Qc7 11. Qe2 a5 12. Nf1 b4 13. a3 a4 14. h4 Na5 15. Bf4 Nb3 16. Ra2 Nb6 17. Ne3 d4 18. cxd4 cxd4 19. Nc4 Nxc4 20. dxc4 0-0 21. Qc2 Rfc8 22. Ng5 Bxg5 23. Bxb7 Qxb7 24. Bxg5 h6 25. Bc1 Nxc1 26. Qxc1 b3 27. Ra1 Qc6 28. Qd2 Qxc4 29. Rac1 Qd5 30. f4 d3 0-1

[Event "Reykjavik op"]
[Site "Reykjavik"]
[Date "2023.03.30"]
[Round "2"]
[White "Thorsteinsson, Thorsteinn Jakob F"]
[Black "Shundi, Matias"]
[Result "1-0"]
[WhiteElo "1844"]
[BlackElo "2145"]
[PlyCount "179"]
[EventDate "2023.03.29"]
[EventType "swiss"]
[EventRounds "9"]
[EventCountry "ISL"]
[SourceTitle "CBM 213 Extra"]
[Source "ChessBase"]
[SourceDate "2023.05.31"]
[SourceVersion "1"]
[SourceVersionDate "2023.05.31"]
[SourceQuality "1"]

1. e4 c5 2. Nf3 d6 3. c3 Nf6 4. Be2 g6 5. 0-0 Bg7 6. Re1 0-0 7. Bf1 Nc6 8. h3 Ne5 9. d4 Nxf3+ 10. Qxf3 Nd7 11. Qd3 a6 12. a4 Qa5 13. Nd2 Qc7 14. Nc4 b6 15. d5 Rb8 16. Bf4 Bb7 17. Qg3 Ne5 18. Bxe5 dxe5 19. a5 b5 20. Nb6 Rfe8 21. c4 b4 22. Rad1 Rbd8 23. Bd3 Bh6 24. Bc2 Bf4 25. Qd3 Rd6 26. Ba4 Red8 27. Qe2 h5 28. g3 Bh6 29. Rd3 Bc8 30. Kg2 Rf6 31. Red1 Bb7 32. f3 h4 33. gxh4 Kh7 34. Rg1 Rf4 35. Qf2 f5 36. Qe1 Qd6 37. Kh1 Qf6 38. Nd7 Qd6 39. Nb6 Bc8 40. Qg3 Qf6 41. Nxc8 Rxc8 42. Bd7 Rd8 43. Be6 Rxh4 44. exf5 g5 45. b3 e4 46. fxe4 Rxe4 47. Qc7 Rd6 48. Rdg3 Re2 49. h4 Re4 50. Rg4 Rxg4 51. Rxg4 Qe5 52. Qxe7+ Bg7 53. Qxg5 Qe1+ 54. Rg1 Qe4+ 55. Qg2 Qxh4+ 56. Qh2 Qxh2+ 57. Kxh2 Rd8 58. Kg3 Be5+ 59. Kh4 Rf8 60. Rg6 Rf6 61. Kg5 Rf8 62. d6 Bxd6 63. f6 Bf4+ 64. Kf5 Be3 65. Rg7+ Kh8 66. Rg3 Bh6 67. Rh3 Kh7 68. Bd5 Re8 69. Bf7 Re3 70. Bg6+ Kg8 71. Rxh6 Rf3+ 72. Ke6 Re3+ 73. Kd5 Rf3 74. Kxc5 Rxf6 75. Bh7+ Kg7 76. Rxf6 Kxf6 77. Kb6 Ke5 78. c5 Kd4 79. c6 Kc3 80. Bg8 Kb2 81. c7 Ka2 82. c8Q Kb2 83. Qc4 Ka3 84. Bh7 Ka2 85. Qc2+ Ka3 86. Qc1+ Ka2 87. Bb1+ Ka1 88. Bc2+ Ka2 89. Qb1+ Ka3 90. Qa1# 1-0

[Event "Reykjavik op"]
[Site "Reykjavik"]
[Date "2023.03.29"]
[Round "1"]
[White "Hafthorsson, Jon Ulfur"]
[Black "Thorsteinsson, Thorsteinn Jakob F"]
[Result "0-1"]
[WhiteElo "1434"]
[BlackElo "1844"]
[PlyCount "36"]
[EventDate "2023.03.29"]
[EventType "swiss"]
[EventRounds "9"]
[EventCountry "ISL"]
[SourceTitle "CBM 213 Extra"]
[Source "ChessBase"]
[SourceDate "2023.05.31"]
[SourceVersion "1"]
[SourceVersionDate "2023.05.31"]
[SourceQuality "1"]

1. d4 Nf6 2. Nc3 d5 3. Bf4 a6 4. e3 e6 5. Nf3 c5 6. Be2 Nc6 7. 0-0 Be7 8. Na4 Ne4 9. Bd3 Qa5 10. Nxc5 Nxc5 11. dxc5 Qxc5 12. c3 f6 13. Qc2 e5 14. Bg6+ hxg6 15. Qxg6+ Kf8 16. Bg3 Qc4 17. h3 Qe4 18. Nh4 Rxh4 0-1

[Event "Reykjavik Skakping op"]
[Site "Reykjavik"]
[Date "2023.01.18"]
[Round "4"]
[White "Thorsteinsson, Thorsteinn Jakob F"]
[Black "Briem, Benedikt"]
[Result "1/2-1/2"]
[WhiteElo "1742"]
[BlackElo "2100"]
[PlyCount "101"]
[EventDate "2023.01.08"]
[EventType "swiss"]
[EventRounds "9"]
[EventCountry "ISL"]
[SourceTitle "EXT 2024"]
[Source "ChessBase"]
[SourceDate "2023.10.10"]
[SourceVersion "1"]
[SourceVersionDate "2023.10.10"]
[SourceQuality "1"]

1. Nf3 d5 2. g3 Nf6 3. Bg2 Nc6 4. d3 e5 5. Nbd2 Bc5 6. c3 a5 7. 0-0 0-0 8. d4 exd4 9. Nb3 Bd6 10. Nbxd4 Nxd4 11. Nxd4 c6 12. a4 h6 13. Qc2 Re8 14. Bd2 Bg4 15. Rae1 Qd7 16. f3 Bh3 17. Bxh3 Qxh3 18. Qf5 Qxf5 19. Nxf5 Bf8 20. Bf4 Nd7 21. Bd6 Nc5 22. Bxc5 Bxc5+ 23. e3 Ra6 24. Kf2 Rb6 25. Re2 g6 26. Nd4 f5 27. h4 Bxd4 28. cxd4 Rb4 29. Ra1 g5 30. hxg5 hxg5 31. f4 Kg7 32. fxg5 Kg6 33. Rh1 Re7 34. Kf3 Rb3 35. Rh8 Kxg5 36. Rg8+ Kf6 37. Rf8+ Ke6 38. Kf4 Kd6 39. Rf6+ Re6 40. Kxf5 Rxf6+ 41. Kxf6 c5 42. dxc5+ Kxc5 43. g4 d4 44. exd4+ Kxd4 45. g5 Rf3+ 46. Kg7 Kc4 47. Re5 Kb4 48. Rb5+ Kxa4 49. Rxb7 Rg3 50. Kf6 Rf3+ 51. Kg6 1/2-1/2

[Event "Reykjavik Kvika op"]
[Site "Reykjavik"]
[Date "2022.04.07"]
[Round "2"]
[White "Haraldsson, Haraldur"]
[Black "Thorsteinsson, Thorsteinn Jakob F"]
[Result "1-0"]
[WhiteElo "1903"]
[BlackElo "1394"]
[PlyCount "81"]
[EventDate "2022.04.06"]
[EventType "swiss"]
[EventRounds "9"]
[EventCountry "ISL"]
[SourceTitle "CBM 207 Extra"]
[Source "ChessBase"]
[SourceDate "2022.05.31"]
[SourceVersion "1"]
[SourceVersionDate "2022.05.31"]
[SourceQuality "1"]

1. e4 c6 2. Nc3 d5 3. Nf3 dxe4 4. Nxe4 Bg4 5. Be2 Nd7 6. d4 Ngf6 7. Neg5 h6 8. Nh3 e6 9. Nf4 Bd6 10. Nd3 Bxf3 11. Bxf3 Qb6 12. Be3 Nd5 13. Qe2 Bb4+ 14. Kf1 Nxe3+ 15. Qxe3 Be7 16. g3 0-0-0 17. Kg2 Bg5 18. Qe4 Nf6 19. Qe2 h5 20. h4 Bh6 21. c3 g6 22. a4 Rhe8 23. Ne5 Qc7 24. a5 Nd5 25. a6 b5 26. c4 bxc4 27. Qxc4 Rd6 28. Qc5 Re7 29. Ra3 Bg7 30. Nc4 Rdd7 31. Rd1 Nb6 32. Bxc6 Nxc4 33. Qxc4 Rd6 34. Rc3 Kd8 35. Rcc1 Qb6 36. d5 e5 37. Rc3 Rc7 38. Rb3 Qa5 39. Rb8+ Rc8 40. Rb7 Rc7 41. Rb5 1-0

[Event "Reykjavik Taflfelag op"]
[Site "Reykjavik"]
[Date "2019.10.23"]
[Round "2"]
[White "Jonsson, Sveinbjorn"]
[Black "Thorsteinsson, Thorsteinn Jakob F"]
[Result "1-0"]
[WhiteElo "1706"]
[BlackElo "1115"]
[PlyCount "63"]
[EventDate "2019.10.16"]
[EventType "swiss"]
[EventRounds "7"]
[EventCountry "ISL"]
[SourceTitle "CBM 193 Extra"]
[Source "ChessBase"]
[SourceDate "2020.01.31"]
[SourceVersion "1"]
[SourceVersionDate "2020.01.31"]
[SourceQuality "1"]

1. e4 e5 2. Nf3 Nc6 3. Bb5 a6 4. Ba4 Nf6 5. d3 Bc5 6. 0-0 b5 7. Bb3 0-0 8. c3 h6 9. a3 Bb7 10. Bc2 Bb6 11. h3 d5 12. exd5 Nxd5 13. Re1 Re8 14. Nbd2 f5 15. Bb3 Kh7 16. Nf1 f4 17. Qc2 Nf6 18. N1d2 g6 19. Ne4 Nxe4 20. Rxe4 Qf6 21. Qe2 Rad8 22. Bd2 Bc8 23. Bxf4 Bf5 24. Bxe5 Nxe5 25. Rxe5 Rxe5 26. Nxe5 Re8 27. d4 c5 28. Re1 cxd4 29. Ng4 Bxg4 30. Qxe8 Qxf2+ 31. Kxf2 dxc3+ 32. Kf1 1-0